Marvel Snap: All Cards - Statistics

General Stats
  • This quiz has been taken 1,004 times
    14 since last reset
  • The average score is 261 of 455
Answer Stats
Cost Power Ability Answer % Correct
1 3 On Reveal: The last card you played moves here. Ghost-Spider
100%
4 6 If a card moved last turn, this costs 1. Miles Morales: Spider-Man
100%
2 4 On Reveal: Move to another location and pull an enemy card from here to there. Spider-Man
100%
5 9 The first time this moves to any location, destroy an enemy card there. Spider-Man 2099
100%
4 7 Activate: Merge your lowest-Cost card here into this. Copy its text like it just revealed. Symbiote Spider-Man
100%
1 1 Ongoing: If your side of this location is full, +4 Power. Ant-Man
89%
6 8 When you discard this, put it back with +4 Power. Apocalypse
89%
2 4 Objective: Your cards are destroyed 4 times ➡️ Resurrect one here with +5 Power. (0/4) Archangel Horseman of Death
89%
6 0 On Reveal: Destroy one of your other cards here to copy it at the other locations. Arnim Zola
89%
6 0 On Reveal: Merge cards from your deck into this until it gains 13 or more Power. Blob
89%
2 2 On Reveal: Destroy your other cards here. +2 Power for each destroyed. Carnage
89%
3 0 On Reveal: Steal 1 Power from each card in your opponent's deck. Cassandra Nova
89%
1 1 When this is destroyed, return it to your hand with double the Power. Deadpool
89%
8 12 Costs 1 less for each card destroyed this game. Death
89%
6 5 On Reveal: Add a 5-Power DoomBot to each other location. Doctor Doom
89%
4 6 End of Turn: Add a DoomBot 2099 to a random location if you played (exactly) 1 card. Doctor Doom 2099
89%
4 5 On Reveal: If your opponent played a card here this turn, +4 Power. Drax
89%
3 4 End of Turn: +3 Power if your opponent played a card with greater Power this turn. Move to that card if you’d be winning its location. Drax Avatar of Life
89%
1 7 You can't play this after turn 3. Ongoing: You can't play cards here. Ebony Maw
89%
4 6 Objective: Have a full front row at each location ➡️ Transform into Apocalypse, Celestials’ Chosen. (0/6) En Sabah Nur
89%
6 6 On Reveal: If you're winning this location and this is your only card here, destroy all other locations. Galactus
89%
6 12 My Herald is the next character I see you play. End of Turn: +2 Power if you're winning my Herald's location. (if in hand or in play) Galactus First Steps
89%
3 3 Objective: Play 6 total Cost of created cards ➡️ Randomly destroy up to 4 total Cost of enemy cards. (0/6) Gambit Horseman of Death
89%
3 4 On Reveal: If your opponent played a card here this turn, +4 Power. Groot
89%
1 1 When this is destroyed, return it to your hand, then give all cards in your hand +1 Power. Headpool
89%
6 6 On Reveal: For each different Cost among them, resurrect a card you discarded to a random location. Hela
89%
6 12 When you discard this, fill your hand with random cards. Helicarrier
89%
6 14 "HULK SMASH!" Hulk
89%
3 2 When this moves, double its Power. Human Torch
89%
3 2 End of Turn: +1 Power. Once per game, if your side here is full, double this card’s Power instead. Human Torch First Steps
89%
2 4 Ongoing: Cards you play here are not revealed until the game ends. Invisible Woman
89%
3 3 Activate: This turn your End of Turn abilities repeat. Invisible Woman First Steps
89%
3 4 Ongoing: Players must play their first card here each turn. (if possible) Jean Grey
89%
1 2 At the start of each turn, +1 Power for each bonus Energy you have. Jim Hammond Human Torch
89%
2 2 Objective: Have 6 different Powers among your other cards in play ➡️ +6 Power. (0/6) Juggneraut Horseman of War
89%
3 4 Game Start: Replace this with 4 Kangs with text from random cards that Cost 3 or more. Kang
89%
3 6 On Reveal: Add an Ice Cube to each side of this location. Luna Snow
89%
6 12 On Reveal: Move all enemy 3 and 4-Cost cards to this location. Magneto
89%
3 1 Ongoing: Adjacent locations have +3 Power. Mister Fantastic
89%
3 4 End of Turn: Give a card in your hand -1 Cost or +2 Power. Mister Fantastic First Steps
89%
6 10 On Reveal: Repeat the On Reveal abilities of your other cards here. Odin
89%
5 2 Ongoing: Moving is the only way to add or remove a character from here. Professor X
89%
6 10 End of Turn: If your opponent has unspent Energy, +3 Power. (if in hand or in play) Red Hulk
89%
5 14 Ongoing: Enemy cards here have +2 Power. Red Skull
89%
3 3 You can move this once. After your opponent plays a card here, steal 1 Power from it. Rocket & Groot
89%
6 10 Costs 1 less for each unspent Energy last turn. She-Hulk
89%
4 3 On Reveal: If you play your next card at this location, double its Power. Shuri
89%
7 12 Costs 2 less for each of your cards that has 10 or more Power. Skaar
89%
5 8 On Reveal: Afflict all enemy cards here with -1 Power. Spider-Woman
89%
1 0 End of Turn: Gain +1 Power for each unspent Energy. Sunspot
89%
6 12 Game Start: Shuffle the six Infinity Stones into your deck. Thanos
89%
1 -3 On Reveal: Add a Demon to your hand. The Hood
89%
4 7 "It's clobberin' time!" The Thing
89%
5 6 End of Turn: +2 Power. Once per game, if your side here is full, destroy an enemy card here with less Power. The Thing First Steps
89%
3 3 On Reveal: Destroy your other cards here. Add their Power to this card. Venom
89%
2 2 When Destroyed: Replace this with a 1-Cost card from your hand or deck with +2 Power. Wade Wilson
89%
5 9 Ongoing: Nothing can stop you from playing cards anywhere. War Machine
89%
0 1 "My secret power is that I get things done." Wasp
89%
2 3 After one of your other cards is destroyed, +1 Power. After every 3rd time, improve this effect by 1. (0/3) Weapon X Wolverine
89%
2 3 When this is discarded or destroyed, regenerate it with +2 Power at a random location. Wolverine
89%
4 3 Objective: This has 5 or more Power ➡️ Give one of your cards at each location +4 Power. (3/5) Wolverine Horseman of War
89%
0 2 On Reveal: Afflict your other cards here with -1 Power. Yellowjacket
89%
7 5 Game Start: Choose 6 other characters in your deck. On Reveal: Transform those cards into copies of this. Zombie Galacti
89%
5 4 On Reveal: Horde +2, then this gains Power equal to your Zombie Horde. Zombie Giant-Man
89%
2 2 On Reveal: Horde +2. Activate: Give 4 of your created cards +1 Power. Zombie Mister Fantastic
89%
3 4 After you play a card here, Horde +2. Zombie Scarlet Witch
89%
2 0 End of Turn: Draw a card if you're winning here. Otherwise, +1 Power. Adam Warlock
78%
6 12 Game Start: Draw Agatha. She controls your cards on even turns. Agatha Harkness
78%
1 2 On Reveal: Add a random card to your hand. Agent 13
78%
3 4 On Reveal: Add a random 4-cost and 5-cost card to your hand. Agent Coulson
78%
1 2 On Reveal: Give the top card of your deck +3 Power. America Chavez
78%
2 3 On Reveal: The top card of your opponent's deck costs 6 until turn 6. Baron Mordo
78%
3 3 Ongoing: Your other Ongoing cards here have +2 Power. Captain America
78%
4 6 At the end of the game, move to a location that wins you the game. (If possible) Captain Marvel
78%
3 4 Ongoing: Your other cards here have +1 Power for each turn you've discarded a card. Colonel America
78%
2 4 Ongoing: Can't be destroyed, moved, or have its Power reduced. Colossus
78%
2 3 On turn 5, you get to see your opponent's plays before you make your own. Daredevil
78%
6 18 On Reveal: Destroy your cards at other locations. Destroyer
78%
7 13 Game Start: Begin a Summoning Ritual. (Add step 1 to hand.) Dormammu
78%
1 2 On Reveal: Destroy an enemy 1-Cost card here. Elektra
78%
5 8 On Reveal: If your opponent played a card here this turn, +4 Power. Gamora
78%
6 16 You can only play this at the left location. Giganto
78%
2 3 On Reveal: Add 2 Arrows to your hand. Hawkeye Kate Bishop
78%
6 10 On Reveal: Move your other cards one location to the left. Heimdall
78%
5 6 On Reveal: Add 2 of Ultron's Stones to your hand. Infinity Ultron
78%
5 9 On Reveal: Draw all cards that cost 0 from your deck. Jane Foster Mighty Thor
78%
6 0 Ongoing: Has the combined Power of all cards destroyed this game. Knull
78%
3 5 On Reveal: Discard the card that costs the most from your hand. Lady Sif
78%
2 3 On Reveal: Add the Sword of Fu Xi to another location. Lin Lie Iron Fist
78%
1 2 On Reveal: Replace your deck with your opponent's starting deck. Give those cards -1 Cost. Loki
78%
1 3 On Reveal: If your opponent played any cards here this turn, copy one of them into your hand. Mantis
78%
1 3 On Reveal: Add a random 2-Cost card to your hand. Maria Hill
78%
4 6 Ongoing: +5 Power if this is your only card here. Namor
78%
1 1 Each turn your opponent doesn’t play a card here, +2 Power. (except the turn you play this) Nebula
78%
4 6 On Reveal: Add 3 Random 6-Cost cards to your hand. Nick Fury
78%
2 2 On Reveal: Next turn, you get +1 Energy. Psylocke
78%
3 3 Ongoing: +1 Power for each opposing card at this location. Punisher
78%
1 2 Starts in your opening hand. Quicksilver
78%
1 1 Ongoing: Your created cards cost 1 less. (minimum 1) Quinjet
78%
1 1 On Reveal: If your opponent played a card here this turn, +4 Power. Rocket Raccoon
78%
2 3 On Reveal: Add Cap's Shield to another location. Ongoing: You can move Cap's Shield. Sam Wilson Captain America
78%
5 8 On Reveal: Next turn, cards cost 1 more. (maximum 6) Sandman
78%
2 3 On Reveal: Replace this location with a new one. Scarlet Witch
78%
2 4 "I'm gonna blast you!" Shocker
78%
3 2 On Reveal: Give your other 3-Cost cards +2 Power. Silver Surfer
78%
3 5 End of Turn: If you're winning this location with an On Reveal card, copy its text. Silver Surfer First Steps
78%
6 7 On Reveal: Give your Ongoing cards +2 Power. Spectrum
78%
1 2 On Reveal: Add a 1-Power Squirrel to each other location. Squirrel Girl
78%
2 2 On Reveal: If your opponent played a card here this turn, +4 Power. Star-Lord
78%
5 7 On Reveal: Next turn, you get +1 Energy for each turn you’ve ended with unspent Energy. Star-Lord, Master of the Sun
78%
3 5 On Reveal: Add Tao Mandala to your hand. The Ancient One
78%
3 5 On Reveal: Shuffle Mjölnir into your deck. Thor
78%
6 8 On Reveal: Create four 2-Power Drones to each other location. Ultron
78%
1 3 When this card moves, +3 Power. Vulture
78%
1 1 When this is discarded or destroyed, regenerate it at a random location and you get +1 Energy next turn. X-23
78%
1 1 On Reveal: On Reveal: Give each 4-Cost card in your deck -1 Cost. Zabu
78%
4 4 Activate: Destroy your other cards here to get +3 Power for each. Move to a location you're losing. Zombie Captain Marvel
78%
1 2 After you play a card here, merge this into it. Agony
67%
2 3 When one of your cards is destroyed, this flies out of your hand or deck to replace it. Angel
67%
2 3 Ongoing: Cards here can't be destroyed. Armor
67%
6 6 On Reveal: Give one of your other On Reveal cards at each location +2 Power. Repeat for Ongoing, Activate, and End of Turn. Aurora
67%
3 5 On Reveal: Recruit a card that costs the least from your opponent's deck to your side of this location. Baron Zemo
67%
1 1 On Reveal: Set the Power of all cards in your hand to 3. Bast
67%
3 5 On Reveal: Return your other cards here to your hand. They cost 1 less next turn. Beast
67%
3 2 After you play a card, this gains +1 Power. Bishop
67%
5 8 On Reveal: Discard the card that costs the least from your opponent's hand. Black Bolt
67%
1 2 After you discard a card, add the Ebony Blade to your hand with that card's Power. (once per game) Black Knight
67%
5 5 On Reveal: Double this card's Power. Black Panther
67%
3 3 Activate: Add a Widow's Bite to your opponent’s hand. Black Widow
67%
1 3 On Reveal: Discard the rightmost card from your hand. Blade
67%
2 1 End of Turn: If you have unspent Energy, 33% chance to HULK OUT! Bruce Banner
67%
2 2 When this is destroyed, replace it with the Winter Soldier. Bucky Barnes
67%
2 4 On Reveal: Draw a card from your opponent's deck. Cable
67%
2 4 On Reveal: Next turn, both players can move cards to this location. Cloak
67%
5 6 On Reveal: Remove the text from front-row enemy cards here. Cosmic Ghost Rider
67%
3 3 Ongoing: On Reveal abilities won't happen here. Cosmo
67%
4 10 You can only play this where you have a 1-Cost card. Cull Obsidian
67%
2 2 When this moves to a location, +2 Power for each enemy card there. Dagger
67%
5 4 Ongoing: +2 Power for each card in your hand. Devil Dinosaur
67%
4 8 On Reveal: Pull the lowest-Power card from your opponent's hand to their side of this location. Doctor Octopus
67%
2 4 On Reveal: Move your highest-Power card(s) to this location. Doctor Strange
67%
3 5 On Reveal: +1 Max Energy. Ongoing: You can only play 1 card a turn. Electro
67%
6 12 Game Start: Copy the text of a random 6-Cost card. Emperor Hulkling
67%
2 3 On Reveal: Return your 1-Cost cards to your hand. Falcon
67%
3 3 On Reveal: Discard a card from your hand to destroy a random enemy card. Gambit
67%
3 5 On Reveal: Remove the abilities from all End of Turn cards here. Ghost
67%
4 5 On Reveal: Bring back one of your discarded cards to this location. Ghost Rider
67%
3 -4 On Reveal: Switch sides. Green Goblin
67%
1 1 On Reveal: If you play a card at this location next turn, +3 Power. Hawkeye
67%
5 -8 On Reveal: Switch sides. Hobgoblin
67%
1 2 On Reveal: Give a card in your opponent's hand +1 Cost. (maximum 6) Iceman
67%
1 3 On Reveal: After you play your next card, move it one location to the left. Iron Fist
67%
5 0 Ongoing: Your total Power is doubled here. Iron Man
67%
2 3 Ongoing: The On Reveal abilities of your 1-Cost cards here repeat. Joaquin Torres Falcon II
67%
4 5 On Reveal: Move away all enemy cards played here this turn. (including unrevealed cards) Juggernaut
67%
3 3 On Reveal: Destroy ALL 1-Cost cards. Killmonger
67%
1 3 When an enemy card moves here, afflict it with -2 Power. Kingpin
67%
1 1 When this returns to your hand, +1 Power. Returns at the start of each turn. Kitty Pryde
67%
3 2 On Reveal: Replace this location with 'Limbo'. Doesn't work after turn 5. Magik
67%
4 -1 On Reveal: Swap the Power and Cost of all cards in your deck. Mister Negative
67%
2 2 On Reveal: Add a Sinister Clone here with the same Power. Mister Sinister
67%
4 5 Ongoing: Your adjacent locations with 2+ cards and no repeated Costs have +5 Power. Ms. Marvel
67%
2 4 When this moves, add a copy to the old location. Multiple Man
67%
1 3 You can move this once. Nightcrawler
67%
1 1 When this is destroyed, give your cards +1 Power. Nova
67%
2 3 After the next time you play a 6-Cost card, double this card's Power Nova Frankie Raye
67%
2 3 On Reveal: Give every card in your deck +1 Power. Okoye
67%
3 4 On Reveal: Add 2 Thief’s Tools to your hand. Set their Costs to 0 if a card moved last turn. Prowler
67%
4 7 When Discarded: This jumps to your lowest-Power location. (that isn't full) Proxima Midnight
67%
2 3 On Reveal: Swap the positions of the other two locations. Quake
67%
2 5 On Reveal: Add a Rock to your side of this location. Rhino
67%
3 3 On Reveal: Steal the text from an enemy Ongoing card here. Rogue
67%
5 5 Ongoing: +2 Power for each card in your opponent's hand. Ronan the Accuser
67%
3 5 When this is destroyed, return it to your hand. It costs 0. Sabretooth
67%
2 3 On Reveal: Add another Sentinel to your hand. Sentinel
67%
3 4 On Reveal: Reset all cards here to their original Power. Shadow King
67%
4 3 On Reveal: Destroy an enemy card here that has 10 or more Power. Shang-Chi
67%
3 5 Game Start: The Ten Rings starts in your hand. On Reveal: Unlock their potential. Shang-Chi, Master of the Ten Rings
67%
1 0 On Reveal: Steal 2 Power from the top card of your opponent's deck. Silver Sable
67%
4 5 On Reveal: Each player discards the lowest-Power card from their hand. Silver Samurai
67%
1 1 Activate: Replace the text of a random character in your opponent's hand with "oink!" Spider-Ham
67%
3 1 On Reveal: Flood this location. Next turn is the last turn cards can be played here. Storm
67%
3 1 Objective: End 2 turns in a row with unspent Energy ➡️ Give your other cards here and in your hand +2 Power (0/2) Storm Horseman of Famine
67%
2 2 Gains +2 Power from merging. End of Turn: Merge one of your created cards into this. Strange Supreme
67%
6 0 On Reveal: Set this card's Power equal to that of the last card you played. (if able) Taskmaster
67%
2 2 When a card enters your hand from anywhere (except your deck), +1 Power. The Collector
67%
2 7 On Reveal: Discard the lowest-Power card from your hand. Remove that card's Power from this. The First Ghost Rider
67%
1 0 On Reveal: Horde +3. The Hunger
67%
6 9 Ongoing: Split your total Power evenly among all locations. The Living Tribunal
67%
1 5 After ANY card is played here, this card switches sides. Titania
67%
1 2 Game Start: You can see the unrevealed locations. Uatu the Watcher
67%
2 3 On Reveal: Add a random 6-Cost card to your hand. Give it -2 Cost and -2 Power. Valentina
67%
5 9 You can move this each turn. Vision
67%
3 4 At the start of each turn, give all cards in your hand +1 Power if you’re winning here. Otherwise, move this to another location. Viv Vision
67%
3 5 On Reveal: Copy the card that costs the most from your opponent's hand into your hand. White Queen
67%
4 6 On Reveal: If you've spent all your Energy on previous turns, +2 Max Energy. Wiccan
67%
4 2 Ongoing: Your On Reveal abilities here repeat. Wong
67%
1 2 On Reveal: Banish the card that costs the least in your opponent's deck. Yondu
67%
5 9 "Foolish rabble! You are beneath me!" Abomination
56%
2 5 On Reveal: Set the Power of all cards in your deck to 3. Agent Venom
56%
5 7 Ongoing: +1 Power for each card in play afflicted with negative Power. Ajax
56%
6 7 On Reveal: Remove the text from all unrevealed enemy characters here. Alioth
56%
4 7 On Reveal: Set the Cost and Power of your deck's top card to 0. Anti-Venom
56%
1 2 Activate: After you play your next card, give it +1 Power and move it to the right. Araña
56%
4 10 End of Turn: Destroy one of your cards here with less Power. Attuma
56%
1 4 End of Turn: Discard this from your hand. Black Cat
56%
5 8 On Reveal: Swap the last card you played with a card that costs more from your deck. Blink
56%
5 5 On Reveal: Move the highest-Power enemy card here away. If you can't, destroy it with a Rock. Cannonball
56%
3 0 Ongoing: Your highest-Power cards have +3 Power. Cerebro
56%
3 5 "Let's move, X-Men." Cyclops
56%
3 5 On Reveal: Destroy your other cards here. Deathlok
56%
4 1 At the end of the game, discard a card from your hand to gain its Power. Dracula
56%
7 12 On Reveal: Gain the Power of a front-row enemy card here. Fin Fang Foom
56%
6 1 Ongoing: +2 Power for EACH On Reveal card in play. Gorr the God Butcher
56%
4 5 On Reveal: Pick a random character in your hand 3 times. Give +2 Power each time. Gwenpool
56%
2 3 Each turn this is in play, swap to a new Activate ability until one is used. H.E.R.B.I.E.
56%
4 7 Game Start: Unlock the potential of your cards with no abilities. High Evolutionary
56%
1 2 Ongoing: Tap this to see the top card of your deck. Howard the Duck
56%
1 4 End of Turn: This moves if a player Snapped. Hydra Bob
56%
3 0 On Reveal: Give 2 of your other cards +3 Power. Ironheart
56%
2 4 You can move this once. Nothing can stop you from moving or playing this to any location. Jeff the Baby Land Shark
56%
4 1 On Reveal: Add the top card of your deck to this location. Jubilee
56%
5 4 Ongoing: The location to the right has +7 Power. Klaw
56%
1 2 On Reveal: Shuffle a Rock into your opponent's deck. Korg
56%
5 7 On Reveal: Destroy each card here with 3 or less Power. Lady Deathstrike
56%
6 5 On Reveal: Copy the enemy card(s) with the highest Power played this turn, but on your side. Leader
56%
2 6 Ongoing: -4 Power if your opponent has 4 cards here. Lizard
56%
3 2 Ongoing: Your cards can’t have their Power reduced. Luke Cage
56%
3 3 End of Turn: Runs from your hand to a random location. (if possible) Makkari
56%
4 7 Ongoing: 3-Cost or less cards here have -2 Power. Man-Thing
56%
1 6 At the end of the game, move to a location that LOSES you the game. (if possible) Martyr
56%
3 2 End of Turn: Give 3 of your 1-Cost cards +1 Power. Marvel Boy
56%
1 3 At the end of the game, this jumps from your deck to your lowest-Power location. (that isn't full) M'Baku
56%
2 2 At the start of each turn, add an Incantation to your hand. Merlin
56%
1 3 "We've got to save this city." Misty Knight
56%
3 3 Ongoing: Your Costs can't be increased. Your opponent's Costs can't be reduced. Mobius M. Mobius
56%
6 9 Costs 1 less for each of your created cards in play. Mockingbird
56%
5 7 On Reveal: Discard your hand. M.O.D.O.K.
56%
1 2 When this is destroyed, get a copy of your opening hand. Moira X
56%
3 4 On Reveal: Banish the top card of your deck. Add 2 Rocks to your hand. Set their Power to the banished card’s Cost. Mole Man
56%
4 5 On Reveal: Copy your hand. Moon Girl
56%
3 3 On Reveal: Discard an even-costed card from each player's hand. Moon Knight
56%
2 0 Ongoing: +2 Power for each time you discarded a card this game. Morbius
56%
3 1 On Reveal: If the last card you played has an Ongoing, copy its text. (if able) Mystique
56%
3 4 On Reveal: Give all cards in your hand +1 Power. Nakia
56%
5 7 On Reveal: Give +5 Power to each of your cards alone at another location. Namora
56%
4 5 After an enemy character is played here, destroy it. (once per game) Negasonic Teenage Warhead
56%
1 2 On Reveal: After you play your next card, cast a spell. (The spell changes each turn.) Nico Minoru
56%
5 6 When this is destroyed, add a copy to each other location. Nimrod
56%
6 8 Ongoing: Your other Ongoing effects here apply an additional time. Onslaught
56%
3 2 Ongoing: Your cards with no abilities have +2 Power. Patriot
56%
4 5 On Reveal: Revive one of your destroyed cards and merge this into it. That card can move each turn. Phoenix Force
56%
2 2 Ongoing: Your cards with 1 or less Power cost 1 less. (minimum 1) Ravonna Renslayer
56%
3 2 On Reveal: Afflict the lowest-Power enemy card here with -2 Power and remove its text. Red Guardian
56%
4 4 On Reveal: If you play a card at this location next turn, +5 Power. Rescue
56%
4 5 On Reveal: Shuffle 2 Rocks into your opponent's deck. Rockslide
56%
3 0 On Reveal: +2 Power for each different Power among all other cards here. Sage
56%
6 11 Costs 1 less for each card you played last turn. Sasquatch
56%
2 3 On Reveal: Afflict cards in your opponent's hand with -1 Power. Scorpion
56%
2 1 When an enemy card moves, steal 2 Power from it. (once per turn) Scream
56%
3 4 On Reveal: Add a random 1-Cost character to each location. Shanna: The She-Devil
56%
3 3 Ongoing: +1 Power for each turn in which you spent all your Energy. Speed
56%
5 7 Costs 1 if your opponent discarded a card this game. Stature
56%
4 2 Ongoing: Has the Ongoing effects of all enemy cards. Super-Skrull
56%
2 1 On Reveal: Give the top card of your deck -1 Cost and +1 Power. After you play it, repeat this ability. Surge
56%
2 2 End of Turn: If your opponent has unspent Energy, draw a card with 10 or more Power. Thaddeus Ross
56%
6 20 If you played a card last turn, you can't play this. The Infinaut
56%
4 9 You can't play this at the right location. On Reveal: Add a -9 Power Void to the right location. The Sentry
56%
2 2 On Reveal: Return your other cards here to your hand. +2 Power for each returned. Toxin
56%
4 10 Ongoing: Your other cards here have -2 Power. Typhoid Mary
56%
1 2 When this card is destroyed, replace it with Spider-Man. Uncle Ben
56%
2 3 Ongoing: 4-Cost or more cards here have -3 Power. U.S. Agent
56%
5 3 On Reveal: Set ALL cards here to 3 Power. Valkyrie
56%
3 4 On Reveal: One of your other cards here with the lowest Power switches sides. Viper
56%
3 4 Activate: For each unspent Energy, give a card in your hand -1 Cost. Warlock
56%
1 0 On Reveal: Next turn, you can move one of your cards away from here. Web-Sling
56%
5 1 On Reveal: Add a 10-Power Tiger to another location. White Tiger
56%
2 3 After ANY 3 or 4-Cost card is played here, move it to another location. Xorn
56%
1 3 On Reveal: Remove the abilities on the next card you play. Zero
56%
3 4 On Reveal: Horde +1 for each of your cards at the right location. Zombie Sentry
56%
5 10 Game Start: Shuffle 4 Ancient Arcana into your deck. Agamotto
44%
3 4 When this is destroyed, replace it with a 4-Cost card from your hand or deck. Air-Walker
44%
2 3 After you play a card here, +1 Power. Angela
44%
7 7 Game Start: Shuffle 12 new cards into your deck. On turn 3, get +1 Max Arishem
44%
4 3 On Reveal: Add copies of your other cards here to your hand. Set their Costs to 2 and Power to 3. Bastion
44%
1 2 When a card moves, follow it to gain +2 Power. (once per turn) Batroc the Leaper
44%
4 6 On Reveal: Shuffle Stormbreaker into your deck. Beta Ray Bill
44%
5 3 Ongoing: Your other cards have +1 Power. Blue Marvel
44%
3 2 On Reveal: Add 2 Broodlings here with the same Power. Brood
44%
3 2 Activate: Discard all cards that cost 1 or less from your hand. Afflict that many different enemy cards with -2 Power. Bullseye
44%
3 4 Objective: Have 3 cards that are 4-Cost or higher in play ➡️ Afflict the highest-Cost enemy card with -7 Power. (0/3) Caliban Horseman of Pestilence
44%
3 2 Ongoing: Add this card's Power to your back-row cards here. (can't add to itself) Captain Carter
44%
3 5 On Reveal: Discard 2 cards from your hand to get +1 Max Energy. Corvus Glaive
44%
4 10 You can only play this at locations where you are winning. Crossbones
44%
3 4 On Reveal: Each player draws a card. Crystal
44%
3 4 On Reveal: Add the Muramasa Shard to your hand. Daken
44%
4 6 Activate: Destroy an enemy card here with less Power. Danger
44%
2 2 Ongoing: +2 Power for each location that's full on your side. Dazzler
44%
3 3 Ongoing: Enemy cards here afflicted with negative Power have an additional -2 Power. Diamondback
44%
2 4 You always draw this card on turn 2, and not before. Domino
44%
1 2 After your opponent plays an Ongoing card here, remove its abilities. Echo
44%
2 3 On Reveal: One of your cards destroyed last turn gets revived here. Elixir
44%
3 5 Each card you play to fill your side of a location gains +2 Power. Elsa Bloodstone
44%
6 10 End of Turn: Put a created card from your hand here. Eson
44%
3 4 Activate: Resurrect your opponent's highest-Power discarded or destroyed card to your side of this location. Fenris Wolf
44%
2 2 On Reveal: Give the next card you play +2 Power. Forge
44%
4 6 Each turn, the first card you play at another location reveals with +2 Power. Galacta
44%
2 3 On Reveal: Move one of your other On Reveal cards here to the middle location. Its ability happens again. Grand Master
44%
2 1 End of Turn: You lose 1 Max Energy and this gains +3 Power. Havok
44%
3 5 The first time another one of your cards moves here each turn, move it to another location. Hercules
44%
3 3 On Reveal: Gain +2 Power for each other card you played this turn Hit-Monkey
44%
5 9 On Reveal: Set the Cost of EACH deck’s top card to 1. Hydro-Man
44%
4 7 On Reveal: Copy the text of your deck's top card. Iron Lad
44%
2 3 On Reveal: Add a random 4-Cost or more card to your hand. If you’re winning here after next turn, give it -3 Cost. Iron Patriot
44%
3 3 Ongoing: Your cards here with increased Power have +2 Power. Jack Flag
44%
3 3 Activate: Immediately Activate your other cards here. (without using up their Activate abilities) Jocasta
44%
4 6 Ongoing: Your 1-Cost cards have +1 Power. Ka-Zar
44%
2 1 Activate: Destroy the next card you play this turn to gain its Power. Kid Omega
44%
3 3 On Reveal: Banish the top card of your deck. If it was 4-Cost or higher, +2 Energy next turn, otherwise give this +4 Power. Kraglin
44%
2 3 When a card moves here, this gains +2 Power. Kraven
44%
4 4 On Reveal: Remove the text from 6-Cost cards in your opponent's hand. Leech
44%
2 1 End of Turn: If you played a 1-Cost card this turn, afflict an enemy card here with -2 Power. Lockheed
44%
2 3 Activate: After you play your next character, swap it with one from your deck. Lockjaw
44%
4 6 On Reveal: Add a 3-Cost or less card from your deck here, but don't reveal it until the game ends. Malekith
44%
2 3 When Discarded or Destroyed: Randomly split -7 Power among enemy cards. Marrow
44%
2 3 On Reveal: Add 2 Sentinel to your opponent's hand. Master Mold
44%
2 6 On Reveal: Your opponent draws 2 cards. Maximus
44%
2 2 On Reveal: If this is at the middle location, +3 Power. Medusa
44%
3 4 You can move this once. Ongoing: Enemy cards here can't move. Mercury
44%
1 1 When you discard a card, this gains +1 Power and can move next turn. Miek
44%
2 3 On Reveal: Copy the character that costs the least from your opponent's hand into your hand. Give it +2 Power. Mirage
44%
2 2 Ongoing: If both sides here are full, +6 Power. Mojo
44%
3 0 On Reveal: Become a copy of a card in your opponent's hand. Morph
44%
2 5 On Reveal: Add an Illusion to another location. Activate: Swap Power with it. Mysterio
44%
1 2 After you play a skill, +1 Power. Nicholas Scratch
44%
3 1 On Reveal: Replace the text of each card in your hand with text from a random card of the same Cost. Nightmare
44%
6 11 Ongoing: +7 Power if this is your only card here. Orka
44%
2 3 On Reveal: Add SP//dr to your hand. When this merges, you get +1 Energy next turn. Peni Parker
44%
2 3 On Reveal: Shuffle the base Costs of all cards in your deck that started there. Pixie
44%
3 5 On Reveal: Move an enemy 1 or 2-Cost card to this location. Polaris
44%
2 2 Objective: Cards in play are afflicted with -5 Power ➡️ Put a card from your hand here. (0/5) Polaris Horseman of Pestilence
44%
1 2 On Reveal: Remove the abilities from all Ongoing cards in your deck. Sauron
44%
4 5 Activate: Add an exact clone of this to another location. Scarlet Spider
44%
5 7 On Reveal: Transform your other characters here into random cards that cost 1 more. (if possible) Sersi
44%
5 8 On Reveal: Give the last character you played +2 Power for each turn you played 2 or more cards. (+0) Shou-Lao the Undying
44%
2 5 After ANY card is played here, move this to another location. Silk
44%
1 2 On Reveal: Add the Hawk and Bear auroras to your hand. Snowguard
44%
3 10 Ongoing: Your opponent has +3 Power at each other location. Starbrand
44%
3 3 Ongoing: +6 Power if your hand has one or fewer cards. Strong Guy
44%
3 5 After you play a card with 10 or more Power, this gains +2 Power. Surtur
44%
3 7 On Reveal: Discard an odd-costed card from your hand. Swordmaster
44%
3 4 On Reveal: For each location, shuffle a Rock into the losing player's deck. Terrax the Tamer
44%
2 2 Ongoing: Your cards that were created in your hand have +2 Power. Victoria Hand
44%
4 5 Ongoing: If any of your locations are empty, +5 Power. Warpath
44%
3 3 After you play a card, move there to gain +2 Power if it has an On Reveal. Werewolf by Night
44%
2 2 On Reveal: Add a Widow's Kiss to your opponent's side of this location. White Widow
44%
3 2 On Reveal: +2 Power for each other card you have here. Wolfsbane
44%
2 4 End of Turn: If you're winning here, discard the leftmost card from your hand. Zombie Power Man
44%
4 5 On Reveal: If the last card you played has an On Reveal, copy its text. (if able) Absorbing Man
33%
5 9 On Reveal: The last card your opponent played moves to this location. Aero
33%
5 8 On Reveal: Your cards with Power below 0 switch sides. Destroy those that can’t. Annihilus
33%
4 6 On Reveal: Compare the Power of the top 3 cards of both decks. If your total is higher, +6 Power. Ares
33%
2 2 Activate: Give one of your cards at each other location +2 Power. Awesome Andy
33%
2 3 Activate: Until the end of next turn, your 1-Cost cards cost 0. Black Swan
33%
3 5 Ongoing: Your 1 and 6-Cost cards can't be destroyed. Caiera
33%
2 1 Activate: +2 Power for each 5-Cost or higher card you have here and in hand. Chamber
33%
1 3 When this permanently gains Power, add Flames Of The Faltine to your hand. (if in hand or in play) Clea
33%
2 3 Activate: Destroy an enemy created card here. Cobra
33%
2 3 On Reveal: Discard the card that costs the least from your hand. Colleen Wing
33%
3 5 When you draw this, copy the text from the bottom card of your opponent's deck. Copycat
33%
5 3 Ongoing: +2 Power for each card in your opponent's deck. Darkhawk
33%
3 4 On Reveal: Steal 1 Power from even-costed cards in ALL hands. Dragon of the Moon
33%
5 8 On Reveal: Remove the abilities from all Ongoing cards here. Enchantress
33%
4 5 Activate: Your other cards here get +1 Power. Move them to the right. Fan Fei
33%
4 5 Activate: Give your End of Turn cards +2 Power. Fantasticar
33%
4 7 Activate: If you've had cards discarded and destroyed, afflict front-row enemy cards at each location with -2 Power. Fantomex
33%
2 3 When one of your cards is destroyed, this uses that card’s On Reveal. Firehair
33%
4 7 On Reveal: Revive one of your discarded or destroyed 3-Cost cards here. Firelord
33%
3 3 On Reveal: Add a copy of the last card you played to your hand. (if able) Frigga
33%
5 9 On Reveal: +1 Power for each of your other cards in play with increased Power. Gilgamesh
33%
3 8 On Reveal: Add a card from your opponent's deck to their side of this location. If it has less Power, destroy it. Gladiator
33%
2 1 Ongoing: +1 Power for each other Ongoing card you have in play. Goliath
33%
2 3 Ongoing: Your opponent's created cards cost 1 more. (maximum 6) Gorgon
33%
4 6 Activate: Discard a card from your hand. Hellcow
33%
5 8 On Reveal: Next turn, you can move cards to this location Hellion
33%
3 4 After you play a card here, you get +1 Energy next turn. Hope Summers
33%
2 3 On Reveal: Merge this into one of your cards here. Hulkbuster
33%
3 3 Ongoing: +1 Power for each time one of your cards moved this game. Hydra Stomper
33%
2 3 Activate: Next turn, you get +1 Energy. Jennifer Kale
33%
4 7 On Reveal: Each card in your hand gives one of your other cards in play +1 Power. Kahhori
33%
6 5 When discarded, returns in its next phase. On Reveal: Resurrect a card you discarded to another location with its Power set to 5. Khonshu
33%
1 3 Activate: Draw a created card from your deck. King Eitri
33%
4 5 On Reveal: Steal 1 Power from each other card here. Laufey
33%
5 7 On Reveal: Replace each other location with this one. Legion
33%
2 1 Ongoing: You can move one of your other cards away from here each turn. Madame Web
33%
1 2 At the start of each turn (after drawing), +2 Power if your hand is full. Mad Thinker
33%
4 8 On Reveal: Repeat the On Reveal abilities of your other cards here, then destroy them. Misery
33%
2 1 End of Turn: +2 Power if you played 1 card this turn and spent all your Energy. Moondragon
33%
4 6 Ongoing: Has the Ongoing effects of your 3-Cost or less cards here. Moonstone
33%
3 4 On Reveal: Return all your discarded and destroyed cards to hand with +3 Power. Morgan le Fay
33%
3 4 You can move this once. When this moves, replace its location with a random new one. Nocturne
33%
4 3 Activate: Afflict the highest-Power enemy card with -7 Power. Omega Sentinel
33%
3 4 On Reveal: If this is in the back row, copy the text of the card in front of it. Prodigy
33%
4 5 On Reveal: Use 3 On Reveals from cards released before Rama-Tut’s time. Rama-Tut
33%
2 3 On Reveal: Discard the leftmost card in your hand to add a random card with the same Cost to your hand. Red Shift
33%
3 5 The first time this moves, add a card from your hand to the old location. Redwing
33%
1 2 When you discard this, return it to your hand and give +2 Power to itself and one of your cards in play. Scorn
33%
3 5 When this permanently gains Power, gain +2 more Power. (wherever this is) Sebastian Shaw
33%
1 2 On Reveal: Afflict the lowest-Power card in each player's hand with -3 Power. Selene
33%
4 4 Objective: Have 3 cards with no abilities in play ➡️ Steal 5 Power from an enemy card here. (0/3) Selene Horseman of Famine
33%
5 5 Ongoing: Cards in your hand cost 1 less. (minimum 1) Sera
33%
4 4 On Reveal: Set the top card of your deck's Power to 8. If your other cards in play cost exactly 8 total, add it here. (0/8) Spider-Man Noir
33%
3 3 You can move this once. When this moves to a location, steal 2 Power from the highest-Power enemy there. Spider-Punk
33%
4 7 On Reveal: Move an enemy card here one location to the right. Stegron
33%
4 6 On Reveal: All cards played next turn don't reveal untill the game ends. Supergiant
33%
2 3 When you discard this, add two copies that Cost 0 to your hand. Swarm
33%
5 5 On Reveal: Set your Max Energy equal to this card's Power. The Fallen One
33%
2 0 End of Turn: +3 Power if you played (exactly) 2 cards. Thena
33%
2 3 After you play a card here, move it to the middle location. Topaz
33%
2 3 On Reveal: Give 2 characters in your hand +2 Power. You can't play them next turn. Toxie Doxie
33%
3 6 On Reveal: All cards cost a maximum of 4 until the end of next turn. Wave
33%
7 14 When Discarded: Put this back with -2 Cost. Weapon H
33%
4 0 On Reveal: Revive your highest-Power destroyed card here with its Power doubled. Adamantium Infusion
22%
3 0 On Reveal: Copy the text of an On Reveal card in your hand. Astral Projection
22%
3 3 On Reveal: Copy the text of another card here you revealed this turn. Chameleon
22%
1 0 On Reveal: Remove the text of an enemy 3-Cost or lower character here. Deafening Chord
22%
3 8 On Reveal: Add a Rock to each other location. Debrii
22%
5 5 On Reveal: Put a card from your hand here. Dragon Lord
22%
3 4 On Reveal: Copy a card from your deck into your hand. Set its Cost to 3 and Power to 4. Esme Cuckoo
22%
2 2 Ongoing: Nobody can play cards that cost 4 or more here. Goose
22%
3 3 On Reveal: Afflict all other cards with -1 Power. Hazmat
22%
4 3 End of Turn: If you’re losing this location, double this card’s Power. Isca the Unbeaten
22%
4 5 On Reveal: If you don't play a card at this location next turn, +5 Power. Jessica Jones
22%
2 2 Activate: Afflict an enemy card here with negative Power equal to this card's Power. Lasher
22%
1 0 On Reveal: Give the leftmost card in your hand +2 Power. If it’s 5-Cost or higher, -1 Cost too Magestic Wingbeat
22%
3 4 On Reveal: Add 2 members of the Guardians crew to your hand. Major Victory
22%
4 6 Ongoing: If you're winning here, +3 Power to other locations. Omega Red
22%
3 4 On Reveal: Give each card in your deck -1 Cost or +2 Power. Phastos
22%
2 2 Activate: Give your card that last moved +2 Power and move it back to its previous location. Sparky
22%
4 6 Ongoing: Cards can’t be added to locations except by playing or moving them. Stardust
22%
2 2 On Reveal: +1 Power to your cards at the left location if it's an odd turn, otherwise give to the right location. Star Hawk
22%
4 6 Objective: Play 3 On Reveal cards ➡️ Use the highest-Cost On Reveal in your hand. (0/3) Stryfe
22%
3 5 On Reveal: Steal the text from an enemy Activate card here. Super-Adaptoid
22%
3 4 At the start of each turn, you get +1 Energy if you have any cards with increased Power in play. Superior Spider-Man
22%
1 0 On Reveal: Copy this this to your hand with +1 Cost. Infect your other cards here. (replace their text) Techno-Organic Virus
22%
2 1 Ongoing: +4 Power if you’ve discarded a card. +4 Power if one of your cards has been destroyed. Wild Child
22%
2 3 Activate: Create a 1-Cost card at another location. Increase the Cost each time you're winning here as the turn starts. Askani'son
11%
2 2 After you play a card with higher Power here, give this +2 Power and move this to another location. Ezekiel Sims
11%
2 0 On Reveal: Destroy your highest-Power card here to afflict an enemy card here with that much negative Power. Fastball Special
11%
2 3 Activate: Copy the text of a character in your deck with Cost equal to your unspent Energy. (without using its On Reveal) Magus
11%
5 1 On Reveal: Merge the last card you played into this. When this merges, double its Power. Man-Spider
11%
3 2 Activate: Give the next card you play Power equal to this card’s Power. Maverick
11%
4 4 On Reveal: Give the leftmost card in your hand +2 Power and -1 Cost, then copy it. Mother Askani
11%
2 0 On Reveal: Add 2 Rocks to your hand. Give them +1 Power for each of your front-Row characters. Sandstorm
11%
5 9 Ongoing: Your Rocks have +3 Power. Ozymandius
0%
No matching quizzes found
Score Distribution
Percent of People with Each Score
Percentile by Number Answered
Your Score History
You have not taken this quiz since the last reset